000 01062naa a22002897a 4500
001 BR9509274
003 BR-BrBNA
005 20240918181424.0
007 ta
008 230509b bl.||||| |||| 00| 0 por d
040 _aBR-BrBNA
_bpor
_cBiblioteca Nacional de Agricultura
041 _a(Pt)
072 _aH10
_b2480
_b4020
090 _aH10 BR9509274
100 1 _aCelestino Filho, P.
111 1 _a3. Seminario Nacional da Seringueira
_cManaus, AM (Brazil)
_d23-29 Jun 1980
245 1 _aNiveis de infestacao e inimigos naturais de Aleurodicus cocais em seringueira, no estado do Amazonas
260 3 _aBrasilia, DF (Brasil):
_c1980.
500 _aAnais do 3. Seminario Nacional da Seringueira Brasilia, DF (Brasil): 1980. v. 2 p. 616-626 (BR9509274-AM)H10
650 _aSeringueira
650 _aMosca Branca
650 _aInfestacao
650 _aAmazonas
773 0 _tAnais do 3. Seminario Nacional da Seringueira
_wH10 BR9509274
_gBrasilia, DF (Brasil), 1980. v. 2 p. 616-626
909 _a202404
_bLucia
_c55
_dLucia Elande
942 _cAM
_2AGRIS
999 _c325179
_d325179